[Event "Mitropa Cup 2012"]
[Site "Sibenik CRO"]
[Date "2012.06.02"]
[Round "3"]
[White "Banusz,T"]
[Black "Simacek,P"]
[Result "1/2-1/2"]
[WhiteElo "2582"]
[BlackElo "2460"]

1.c4 c6 2.d4 d5 3.e3 e6 4.Nc3 f5 5.Bd3 Nf6 6.Nge2 Bd6 7.Qc2 a6 8.O-O O-O
9.f3 dxc4 10.Bxc4 b5 11.Bb3 Nd5 12.Nxd5 cxd5 13.Bd2 a5 14.a3 Nd7 15.e4 Nb6
16.exd5 exd5 17.Qc6 Kh8 18.Bf4 Bxf4 19.Nxf4 Bd7 20.Qd6 Rf6 21.Qe5 Qf8 22.Qe3 Nc4
23.Bxc4 dxc4 24.Rfe1 Qd6 25.d5 Kg8 26.h4 Re8 27.Qd2 Rff8 28.g3 b4 29.axb4 axb4
30.Qd4 Rxe1+ 31.Rxe1 Rc8 32.Kg2 Qc5 33.Qxc5 Rxc5 34.Re7 Bb5 35.d6 c3 36.bxc3 bxc3
37.d7 Bxd7 38.Rxd7 c2 39.Nd3 c1=Q 40.Nxc1  1/2-1/2

[Event "Mitropa Cup 2012"]
[Site "Sibenik CRO"]
[Date "2012.06.02"]
[Round "3"]
[White "Kuljasevic,D"]
[Black "Bluebaum,M"]
[Result "1/2-1/2"]
[WhiteElo "2574"]
[BlackElo "2428"]

1.c4 c6 2.Nf3 Nf6 3.Nc3 d5 4.e3 a6 5.d4 b5 6.c5 Nbd7 7.a3 g6 8.b4 Bg7 9.a4 Bb7
10.Bb2 O-O 11.Be2 Qc7 12.Qc2 Ng4 13.h3 Nh6 14.O-O e5 15.dxe5 Nxe5 16.Nxe5 Bxe5
17.f4 Bg7 18.e4 d4 19.Nb1 bxa4 20.Rxa4 a5 21.Nd2 Rfd8 22.Bd3 Ba6 23.Nc4 axb4
24.Rxb4 Bf8 25.Nd6 Bxd3 26.Qxd3 Bxd6 27.Qxd4 Bxc5 28.Qxc5 Qa7 29.Qxa7 Rxa7
30.Bf6 Rc8 31.Rc1 Raa8 32.Rb6 Kf8 33.Rbxc6 Rxc6 34.Rxc6 Ng8 35.Bc3 Re8 36.Rc4 Ne7
37.Bb4 Kg7 38.Rc7 Ng8 39.Bc3+ Kf8 40.Be5 g5 41.g3 gxf4 42.gxf4 Ra8 43.Kf2 Ke8
44.f5 Ra2+ 45.Kf3 Ra3+ 46.Kf4 f6 47.Bc3 Kd8 48.Rg7 Rxc3 49.Rxg8+ Ke7 50.Rg7+ Kf8
51.Rxh7 Kg8 52.Rh6 Kf7 53.h4 Rh3 54.Kg4 Re3 55.Rh7+ Kf8 56.Kf4 Rh3 57.Kg4 Re3
58.Rh8+ Kf7 59.Rh7+  1/2-1/2

[Event "Asian Junior Open 2012"]
[Site "Tashkent UZB"]
[Date "2012.06.02"]
[Round "4.7"]
[White "Aripov,I"]
[Black "Swayams,M"]
[Result "0-1"]
[WhiteElo "2188"]
[BlackElo "2420"]

1.c4 c6 2.Nf3 d5 3.e3 g6 4.d4 Bg7 5.Nc3 Nf6 6.Bd2 O-O 7.Qb3 Qb6 8.Qa3 Qd8
9.Qb3 dxc4 10.Bxc4 b5 11.Be2 a5 12.O-O Be6 13.Qd1 h6 14.Ne5 Nfd7 15.Nd3 f5
16.d5 cxd5 17.Nxb5 Bf7 18.Bc3 e5 19.b3 Qb6 20.a4 Na6 21.Rc1 Rfc8 22.Qd2 Nc7
23.Ne1 Nc5 24.Qb2 Nxb5 25.axb5 d4 26.Bxa5 Qxa5 27.b4 Na4 28.Rxc8+ Rxc8 29.bxa5 Nxb2
30.b6 Rb8 31.a6 Rxb6 32.a7 Bd5 33.Nd3 Nxd3 34.Bxd3 Kh7 35.Ra1 Ba8 36.exd4 e4
37.Ba6 Bxd4 38.Ra4 Rb1+ 39.Bf1 e3 40.Rxd4 e2 41.Rd7+ Kg8  0-1

[Event "Buenos Aires Masters"]
[Site "Buenos Aires ARG"]
[Date "2012.06.03"]
[Round "7.1"]
[White "Flores,Di"]
[Black "Mareco,S"]
[Result "0-1"]
[WhiteElo "2604"]
[BlackElo "2583"]

1.c4 c6 2.e4 d5 3.exd5 cxd5 4.cxd5 Nf6 5.Nc3 g6 6.Bc4 Bg7 7.Nge2 Nbd7 8.Nf4 O-O
9.O-O a6 10.a4 Nb6 11.d3 Bf5 12.a5 Nxc4 13.dxc4 Rc8 14.Qe2 g5 15.Nh3 h6 16.b3 e6
17.dxe6 fxe6 18.Bb2 Rf7 19.Rfd1 Qc7 20.f3 Bxh3 21.gxh3 Nh5 22.Qxe6 Nf4 23.Qd6 Qxd6
24.Rxd6 Bxc3 25.Bxc3 Ne2+ 26.Kg2 Nxc3 27.Rd3 Ne2  0-1

[Event "Mitropa Cup 2012"]
[Site "Sibenik CRO"]
[Date "2012.06.03"]
[Round "4"]
[White "Sebenik,M"]
[Black "Sermier,G"]
[Result "1-0"]
[WhiteElo "2573"]
[BlackElo "2411"]

1.c4 c6 2.d4 d5 3.Nc3 Nf6 4.e3 a6 5.Nf3 b5 6.b3 Bg4 7.h3 Bxf3 8.Qxf3 e5 9.dxe5 Bb4
10.Bd2 Bxc3 11.Bxc3 Ne4 12.Bb4 bxc4 13.Qg4 g6 14.bxc4 Nd7 15.cxd5 cxd5 16.e6 Ndf6
17.Qd1 fxe6 18.Bd3 Qb6 19.Rb1 Kf7 20.Bxe4 Nxe4 21.Bc3 Qc7 22.Bxh8 Qa5+ 23.Ke2 Rxh8
24.Rb7+ Kf6 25.Qd4+ Kg5 26.Qe5+ Kh6 27.Qg7+ Kh5 28.g4+ Kg5 29.Qe7+ Nf6 30.f4+  1-0

[Event "Mitropa Cup 2012"]
[Site "Sibenik CRO"]
[Date "2012.06.03"]
[Round "4"]
[White "Skoberne,J"]
[Black "Rosenthal,Jon"]
[Result "1-0"]
[WhiteElo "2535"]
[BlackElo "2325"]

1.c4 c6 2.Nf3 d5 3.e3 Nf6 4.d4 g6 5.Nc3 Bg7 6.Be2 O-O 7.O-O dxc4 8.Bxc4 Bg4
9.h3 Bxf3 10.Qxf3 Nbd7 11.Rd1 e5 12.Bb3 exd4 13.exd4 Nb6 14.Bg5 Qd6 15.Bf4 Qd7
16.Be5 Nfd5 17.Ne4 Rad8 18.Re1 Rfe8 19.Re2 Re7 20.Rae1 Rde8 21.Kf1 h5 22.a4 a5
23.Ba2 Rd8 24.g4 hxg4 25.hxg4 Bxe5 26.dxe5 Rxe5 27.Nf6+ Nxf6 28.Qxf6 Rxe2
29.Qxg6+ Kf8 30.Qh6+ Kg8 31.Qg5+ Kf8 32.Rxe2 Nd5 33.Qh6+ Kg8 34.Re5 f5 35.Bxd5+ cxd5
36.Rxf5  1-0

[Event "Mitropa Cup 2012"]
[Site "Sibenik CRO"]
[Date "2012.06.03"]
[Round "4"]
[White "Diermair,A"]
[Black "Rombaldoni,D"]
[Result "1/2-1/2"]
[WhiteElo "2414"]
[BlackElo "2520"]

1.c4 c6 2.Nf3 d5 3.g3 e6 4.Bg2 Nf6 5.b3 a5 6.O-O a4 7.d4 axb3 8.Qxb3 Nbd7
9.Nc3 Qa5 10.cxd5 exd5 11.e4 Bb4 12.Bd2 dxe4 13.Nxe4 Bxd2 14.Nfxd2 O-O 15.Nc4 Qc7
16.Nc3 Rd8 17.a4 Ra6 18.Rab1 Nf8 19.Rfd1 Bg4 20.Rd2 Be6 21.Qb4 Ra7 22.Qc5 Ra6
23.d5 N8d7 24.Qe7 cxd5 25.Rxb7 Qc8 26.Nxd5 Re8 27.Qb4 Nxd5 28.Bxd5 Nc5 29.Rb5 Rxa4
30.Qb1 Qa6 31.Rb8 Rf8 32.Rxf8+ Kxf8 33.Qb8+ Qc8 34.Qd6+ Kg8 35.Rd1 Qf8 36.Bxe6 Nxe6
37.Qxf8+  1/2-1/2

[Event "TCh-FRA Top 12 2012"]
[Site "Belfort FRA"]
[Date "2012.06.04"]
[Round "5.6"]
[White "Hauchard,A"]
[Black "Nezar,M"]
[Result "1/2-1/2"]
[WhiteElo "2536"]
[BlackElo "2391"]

1.c4 c6 2.d4 d5 3.Nf3 Nf6 4.Nc3 e6 5.Bg5 h6 6.Bxf6 Qxf6 7.e3 g6 8.Bd3 Bg7
9.O-O Nd7 10.e4 dxc4 11.Bxc4 e5 12.d5 Nb6 13.Bb3 O-O 14.Qd3 Rd8 15.Rfd1 Bg4
16.Rac1 Bxf3 17.Qxf3 Qxf3 18.gxf3 Bf8 19.dxc6 bxc6 20.Na4 Nxa4 21.Bxa4 c5
22.Bc6 Rab8 23.Bd5 Be7 24.Rc2 Kg7 25.Rd3 Rb4 26.Ra3 Rd7 27.Ra6 Rb6 28.Ra5 Rb4
29.Kf1 h5 30.Ke2 Kf6 31.Bc4 Rdb7 32.Ra6+ R4b6 33.Rd2 Rxa6 34.Bxa6 Rb6 35.Bc4 Bd6
36.b3 Ke7 37.Rd5 f6 38.Rd1 h4 39.Kf1 Rb8 40.Kg2 Bc7 41.Kh3 g5 42.Kg4 Rd8
43.Bd5 Bd6 44.Kf5 Rb8 45.Bc4 Rd8 46.Rd5 a5 47.Kg6 Rg8+ 48.Kh7 Rb8 49.a4 Rb7
50.Kg6 Rb6 51.Kf5 Rc6 52.Bb5 Rc8 53.Kg4 Rb8 54.Kh3 Rh8 55.Rd1 Rd8 56.Rc1 Ke6
57.Bc4+ Ke7 58.Bd5 Rb8 59.Kg2 Rb4 60.Bc4 Kd7 61.Rd1 Ke7 62.Rd5 Rb8 63.Kf1 Rb6
64.Ke2 Rb4 65.Kd3 Kd7 66.Kc3 Ke7 67.Rd1 Bc7 68.Rd5  1/2-1/2

[Event "Bronshoj GM 2012"]
[Site "Copenhagen DEN"]
[Date "2012.06.04"]
[Round "6.5"]
[White "Aabling Thomsen,J"]
[Black "Andersen,Mad"]
[Result "0-1"]
[WhiteElo "2331"]
[BlackElo "2431"]

1.c4 c6 2.e4 d5 3.exd5 cxd5 4.cxd5 Nf6 5.Nc3 Nxd5 6.Nf3 Nc6 7.d4 Bg4 8.Qb3 Bxf3
9.gxf3 e6 10.Qxb7 Nxd4 11.Bb5+ Nxb5 12.Qc6+ Ke7 13.Qxb5 Qd7 14.Qe2 Rd8 15.O-O Nxc3
16.bxc3 Qd3 17.Qe5 Rd5 18.Qf4 Rf5 19.Qc7+ Kf6 20.Bf4 Bc5 21.Be3 Bxe3 22.fxe3 Qxe3+
23.Kh1 Qc5 24.Qg3 g5 25.Rac1 Rc8 26.Rc2 Rf4 27.h3 Qe3 28.Qg2 Rxc3 29.Re2 Qc5
30.Re4 Qf5 31.Rxf4 Qxf4 32.Qf2 Qe3 33.Qb2 Kg6 34.Qb8 Kg7 35.Qb2 e5 36.Qg2 h6
37.h4 Rc4  0-1

[Event "1st Grand Europe Open"]
[Site "Golden Sands BUL"]
[Date "2012.06.04"]
[Round "1.29"]
[White "Yilmaz,M"]
[Black "Xylogiannopoulos,A"]
[Result "1-0"]
[WhiteElo "2536"]
[BlackElo "2148"]

1.c4 c6 2.Nf3 d5 3.d4 Nf6 4.Nbd2 e6 5.g3 Nbd7 6.Bg2 Bd6 7.O-O O-O 8.Qc2 Re8
9.b3 e5 10.cxd5 Nxd5 11.Nc4 Bc7 12.e4 N5f6 13.Rd1 Qe7 14.Ba3 Qe6 15.h3 Nh5
16.dxe5 Nxe5 17.Nfxe5 Bxe5 18.Nxe5 Qxe5 19.Bd6 Qa5 20.Rd4 g6 21.Rad1 Be6
22.Bb4 Qc7 23.Bc3 Rad8 24.Qd2 Ra8 25.Bb2 Qe7 26.Kh2 a5 27.Qc3 Qf6 28.R1d2 Qe5
29.Qe3 Qc5 30.Bf3 Ng7 31.Qf4 Qe7 32.Rd6 a4 33.Bf6 Qf8 34.b4 Bc8 35.a3 Be6
36.g4 Rac8 37.h4 c5 38.h5 Bb3 39.Bc3 Ne6 40.Qf6 Nd4 41.R2xd4 Re6 42.Rxe6  1-0

[Event "Server24Chess 2012"]
[Site "Ortisei ITA"]
[Date "2012.06.04"]
[Round "3"]
[White "Moroder,S"]
[Black "Friedrich,N"]
[Result "0-1"]
[WhiteElo "2129"]
[BlackElo "2309"]

1.c4 c6 2.d4 d5 3.Nc3 Nf6 4.cxd5 cxd5 5.Nf3 Nc6 6.Bf4 Ne4 7.e3 Nxc3 8.bxc3 g6
9.h3 Bg7 10.Be2 O-O 11.O-O Na5 12.Nd2 Be6 13.Rc1 Rc8 14.Qa4 a6 15.Nb3 Nxb3
16.axb3 Bd7 17.Qa3 Bc6 18.Rfd1 e6 19.Bd6 Re8 20.c4 Qd7 21.Bf3 dxc4 22.bxc4 Bxf3
23.gxf3 e5 24.Bxe5 Bxe5 25.dxe5 Qxh3 26.f4 g5 27.Qd3 Qg4+ 28.Kh2 Rc6 29.fxg5 Qxg5
30.Qd6 Rxd6 31.exd6 Re6  0-1

[Event "1st Grand Europe Open"]
[Site "Golden Sands BUL"]
[Date "2012.06.05"]
[Round "2.51"]
[White "Stocek,J"]
[Black "Snuverink,L"]
[Result "1-0"]
[WhiteElo "2595"]
[BlackElo "1946"]

1.c4 c6 2.Nc3 Nf6 3.d4 d5 4.Nf3 e6 5.Bg5 Be7 6.e3 Nbd7 7.Bd3 h6 8.Bh4 O-O
9.O-O b6 10.Rc1 Bb7 11.Qe2 Nh5 12.Bg3 Nxg3 13.hxg3 c5 14.cxd5 exd5 15.Ba6 Bc6
16.Rfd1 Bf6 17.Bb5 Bb7 18.Bxd7 Qxd7 19.dxc5 bxc5 20.Ne4 c4 21.Nxf6+ gxf6
22.Nh4 Kg7 23.Rxc4 Rh8 24.Rf4 Qc6 25.Qg4+ Kf8 26.Ng6+  1-0

[Event "11th TCh-BIH Premier"]
[Site "Jahorina BIH"]
[Date "2012.06.05"]
[Round "4.3"]
[White "Bogut,Z"]
[Black "Pestek,E"]
[Result "1-0"]
[WhiteElo "2426"]
[BlackElo "1996"]

1.c4 c6 2.e4 d6 3.d4 Nf6 4.Nc3 e5 5.d5 cxd5 6.cxd5 Be7 7.Be2 O-O 8.Nf3 Ne8
9.O-O f5 10.exf5 Bxf5 11.Be3 Nd7 12.h3 h6 13.Bd3 Bxd3 14.Qxd3 Rf7 15.Rac1 Nf8
16.Ne4 Qd7 17.Ng3 Nf6 18.Nd2 Qa4 19.Nde4 Nxe4 20.Nxe4 Qd7 21.Rc2 Ng6 22.Rfc1 Qf5
23.Rc7 Bf8 24.g4 Qf3 25.Nd2 Qf6 26.g5 hxg5 27.Ne4 Qf5 28.Rxf7 Qxf7 29.Nxg5 Qe8
30.Rc7 Be7 31.Rxe7 Nxe7 32.Qh7+ Kf8 33.Ne6+  1-0

[Event "Mitropa Cup 2012"]
[Site "Sibenik CRO"]
[Date "2012.06.05"]
[Round "6"]
[White "Plat,V"]
[Black "Kreisl,R"]
[Result "1/2-1/2"]
[WhiteElo "2485"]
[BlackElo "2398"]

1.c4 c6 2.g3 d5 3.Bg2 Nf6 4.Nf3 Bg4 5.b3 Nbd7 6.Bb2 e6 7.O-O Bd6 8.d4 O-O
9.Ne5 Bf5 10.Nd2 Qe7 11.Nxd7 Nxd7 12.Qc1 Nf6 13.f3 Bg6 14.e4 Bb4 15.e5 Nd7
16.a3 Bxd2 17.Qxd2 dxc4 18.bxc4 Nb6 19.Qe2 Na4 20.Bc1 Rfd8 21.Be3 c5 22.d5 exd5
23.cxd5 Rxd5 24.f4 Bd3 25.Qf2 Rdd8 26.Rfc1 Rac8 27.Bf3 b5 28.Bd1 c4 29.Bxa7 Nc5
30.Bb6 Re8 31.a4 b4 32.a5 b3 33.Bxc5 Qxc5 34.Qxc5 Rxc5 35.Bxb3 cxb3 36.Rxc5 b2
37.Rd1 Kf8 38.Kf2 Ra8 39.Ke3 b1=Q 40.Rxb1 Bxb1 41.g4 h5 42.h3 hxg4 43.hxg4 g6
44.Kf3 Ra7 45.Kg3 Ke7 46.Kh4 f6 47.exf6+ Kxf6 48.Rc6+ Kf7 49.a6 Bd3 50.Kg5  1/2-1/2

[Event "1st Grand Europe Open"]
[Site "Golden Sands BUL"]
[Date "2012.06.07"]
[Round "4.4"]
[White "Dimitrov,R"]
[Black "Ipatov,Alexander"]
[Result "1/2-1/2"]
[WhiteElo "2428"]
[BlackElo "2561"]

1.c4 c6 2.Nc3 d5 3.e3 Nf6 4.Nf3 g6 5.b3 Bg7 6.Bb2 O-O 7.Be2 Re8 8.O-O e5
9.d4 exd4 10.Nxd4 dxc4 11.Bxc4 Nbd7 12.Be2 Nb6 13.Rc1 Qe7 14.Bf3 Bd7 15.Qe2 Rad8
16.Rfd1 Bc8 17.Rd2 c5 18.Ba3 Qe5 19.Ndb5 a6 20.Rxd8 Rxd8 21.Na7 Qb8 22.Nxc8 Rxc8
23.Ne4 Nxe4 24.Bxe4 Nd7 25.Qd2 Nf6 26.Bf3 Rd8 27.Qa5 b6 28.Qxa6 h5 29.h3 Nd5
30.Qc4 b5 31.Qf1 b4 32.Rxc5 Nxe3 33.fxe3 bxa3 34.Bd5 Rd7 35.Qb5 Qg3 36.Qe2 Bh6
37.Rc8+ Kh7 38.e4 Be3+ 39.Kf1 Bh6 40.Qf3 Qe5 41.Rc2 Qa1+ 42.Ke2 Qb1 43.Qd3 Qg1
44.Kf3 Rd6 45.Rc6 Rxc6 46.Bxc6 Qa1 47.Qc4 Qf6+ 48.Ke2 Qb2+ 49.Kf3 Qf6+  1/2-1/2

[Event "Server24Chess 2012"]
[Site "Ortisei ITA"]
[Date "2012.06.07"]
[Round "6"]
[White "Fierro Baquero,M"]
[Black "Van Foreest,Jorden"]
[Result "1-0"]
[WhiteElo "2377"]
[BlackElo "2175"]

1.c4 c6 2.Nf3 Nf6 3.g3 d5 4.Bg2 Bf5 5.cxd5 cxd5 6.Qb3 Qb6 7.Qxb6 axb6 8.Nc3 e6
9.Nb5 Ra5 10.Nbd4 Be4 11.d3 Bxf3 12.Bxf3 Nc6 13.Be3 Nxd4 14.Bxd4 Bc5 15.Bc3 Ra8
16.O-O Ke7 17.e4 dxe4 18.dxe4 Rhd8 19.Rfc1 Rac8 20.Kg2 b5 21.a3 g5 22.h3 h6
23.Ba5 b6 24.Bc3 Ne8 25.e5 Bd4 26.Bxd4 Rxc1 27.Rxc1 Rxd4 28.Rc6 Rc4 29.Rxb6 Rc5
30.Rb7+ Nc7 31.b4 Rc3 32.Be2 Kd8 33.Rb8+ Ke7 34.Bxb5 Nxb5 35.Rxb5 Rxa3 36.Rb7+ Kf8
37.Rb8+ Kg7 38.g4 Ra1 39.Rc8 Rb1 40.Rc4 Rb3 41.f3 Kg6 42.Kf2 h5 43.gxh5+ Kxh5
44.Rg4 Kh6 45.Ke2 Kh5 46.Kf2 Kh6 47.Kg3 Kh5 48.h4 gxh4+ 49.Rxh4+ Kg6 50.Rf4 Re3
51.Re4 Rb3 52.Kf4 f6 53.exf6 Kxf6 54.Rc4 Ke7 55.Ke4 Kd6 56.f4 Rb1 57.Rd4+ Ke7
58.Kd3 Rc1 59.Rc4 Rb1 60.Kc2 Rh1 61.Kb3 Ra1 62.Rd4 Rb1+ 63.Kc4 Rc1+ 64.Kb5 Rc8
65.Kb6 Rb8+ 66.Kc7 Rb5 67.Kc6 Rf5 68.b5 Rf6 69.Kc7  1-0

[Event "5th Mayors Cup 2012"]
[Site "Mumbai IND"]
[Date "2012.06.08"]
[Round "3.2"]
[White "Anurag,M"]
[Black "Deviatkin,A"]
[Result "0-1"]
[WhiteElo "2295"]
[BlackElo "2577"]

1.c4 c6 2.g3 d5 3.Bg2 Nf6 4.Qc2 e5 5.d3 h6 6.Nd2 Be6 7.Ngf3 Bd6 8.O-O Nbd7
9.b3 O-O 10.Bb2 Re8 11.e4 d4 12.Kh1 a5 13.Ng1 Qb8 14.Ne2 a4 15.f4 Bg4 16.Nf3 axb3
17.axb3 Rxa1 18.Bxa1 c5 19.f5 b5 20.Bb2 Qb7 21.Bc1 Rb8 22.Neg1 bxc4 23.Nd2 cxb3
24.Qb2 Bc7 25.Nc4 Qb5 26.h3 Nb6 27.Nxb6 Rxb6 28.hxg4 Qxd3 29.Rf3 Qc2 30.Bf1 Qxb2
31.Bxb2 Nxe4 32.Bc4 Nd2  0-1

[Event "TCh-NOR Clubs 2012"]
[Site "Fagernes NOR"]
[Date "2012.06.09"]
[Round "3"]
[White "Stubberud,O"]
[Black "Svensen,T"]
[Result "0-1"]
[WhiteElo "2311"]
[BlackElo "2081"]

1.c4 c6 2.Nf3 Nf6 3.g3 g6 4.b3 Bg7 5.Bb2 O-O 6.Bg2 d5 7.Qc2 Bf5 8.d3 Na6
9.a3 Qc8 10.h3 Rd8 11.Nbd2 dxc4 12.Nxc4 c5 13.Rd1 Nc7 14.g4 Be6 15.e3 Bd5
16.g5 Nh5 17.Bxg7 Nxg7 18.Ncd2 b6 19.h4 Nce6 20.Bf1 Qb7 21.Be2 b5 22.Qb2 a5
23.Rb1 Rdb8 24.Rh2 a4 25.b4 Rc8 26.bxc5 Nxc5 27.Qxb5 Qc7 28.Qb6 Qxb6 29.Rxb6 Nd7
30.Rb1 Rc3 31.e4 Ba2 32.Ra1 Bb3 33.d4 Ne6 34.Bb5 Nb6 35.Rg2 Rac8 36.Rg4 Rc1+
37.Rxc1 Rxc1+ 38.Ke2 Nxd4+ 39.Nxd4 Bd1+ 40.Kd3 Bxg4 41.Nc6 Rc5  0-1

[Event "5th Mayors Cup 2012"]
[Site "Mumbai IND"]
[Date "2012.06.09"]
[Round "4.4"]
[White "Adhiban,Baskaran"]
[Black "Krishna,CRG"]
[Result "1-0"]
[WhiteElo "2555"]
[BlackElo "2326"]

1.c4 c6 2.e4 d6 3.d4 e5 4.Nf3 Nd7 5.Nc3 Ngf6 6.Be2 Be7 7.O-O O-O 8.Be3 a6
9.d5 cxd5 10.cxd5 b5 11.Nd2 Bb7 12.b4 Qc7 13.Rc1 Rfc8 14.Nb3 Qd8 15.Na5 Rc7
16.a4 bxa4 17.Nxa4 Rb8 18.Nc6 Bxc6 19.dxc6 Rxb4 20.cxd7 Rxc1 21.Bxc1 Nxe4
22.Bf3 Qxd7 23.Nb6 Rxb6 24.Bxe4 g6 25.Be3 Rb5 26.Bd5 Qf5 27.Qd2 a5 28.Rc1 h5
29.h3 e4 30.Rd1 Bf8 31.Qd4 Rb4 32.Qa7 h4 33.Qxa5 Qh5 34.Rc1 Rb2 35.Qa8 Rb4
36.Bxe4 Kg7 37.Bf3 Qf5 38.Bh6+  1-0

[Event "Server24Chess 2012"]
[Site "Ortisei ITA"]
[Date "2012.06.09"]
[Round "8"]
[White "Kveinys,A"]
[Black "Ernst,S"]
[Result "1-0"]
[WhiteElo "2512"]
[BlackElo "2554"]

1.c4 c6 2.Nf3 d5 3.e3 Nf6 4.Nc3 a6 5.d4 b5 6.b3 Bg4 7.Bd2 e6 8.h3 Bxf3 9.Qxf3 Bb4
10.Bd3 Qa5 11.Rc1 Nbd7 12.Qd1 bxc4 13.bxc4 dxc4 14.Bxc4 O-O 15.Qa4 Qb6 16.O-O a5
17.Be2 c5 18.Bf3 Ra7 19.a3 cxd4 20.exd4 Bxc3 21.Rxc3 Qb8 22.Rb3 Qd8 23.Rfb1 e5
24.Bg5 exd4 25.Qxd4 Rc7 26.Rb5 Rc8 27.Rd1 Qc7 28.Bf4 Qc2 29.Rxa5 Nc5 30.Ra7 Ne6
31.Qd2 Qb3 32.Be3 h6 33.Qb4 Qa2 34.Qb1 Qc4 35.Rc1 Qh4 36.Rxc8 Rxc8 37.Qb7 Rf8
38.Ra8 Rxa8 39.Qxa8+ Kh7 40.a4 Qb4 41.a5 Nc7 42.Qa7 Nfd5 43.Bb6 Qe1+ 44.Kh2 Qe5+
45.g3 h5 46.h4 Qf5 47.Kg2 Ne6 48.Qb7 Ndf4+ 49.gxf4 Nxf4+ 50.Kg1 Qg6+ 51.Kh2  1-0

[Event "26th Pula Open"]
[Site "Pula CRO"]
[Date "2012.06.09"]
[Round "1.7"]
[White "Trtanj,Z"]
[Black "Fodor,T jr"]
[Result "0-1"]
[WhiteElo "2011"]
[BlackElo "2502"]

1.c4 c6 2.g3 d5 3.cxd5 cxd5 4.Nf3 Nf6 5.d4 Nc6 6.Nc3 a6 7.Bd2 e6 8.Rc1 Bd7
9.e3 Bd6 10.Bd3 e5 11.dxe5 Nxe5 12.Nxe5 Bxe5 13.O-O O-O 14.Re1 Re8 15.Qf3 Bc6
16.Qf5 Ne4 17.Red1 g6 18.Qg4 Qf6 19.Qe2 Nxd2 20.Qxd2 d4 21.Ne4 Qf3 22.exd4 Bxd4
23.Re1 Bxe4  0-1

[Event "GEO-AZE Friendship 2012"]
[Site "Tbilisi GEO"]
[Date "2012.06.09"]
[Round "3"]
[White "Mamedov,Rau"]
[Black "Mchedlishvili,M"]
[Result "1/2-1/2"]
[WhiteElo "2628"]
[BlackElo "2656"]

1.c4 c6 2.d4 d5 3.Nc3 Nf6 4.e3 a6 5.Nf3 Bf5 6.Qb3 Ra7 7.cxd5 cxd5 8.Ne5 h6
9.Be2 e6 10.O-O Nbd7 11.f4 Bd6 12.Bd2 O-O 13.Rac1 Qb6 14.Na4 Qxb3 15.axb3 b5
16.Nc5 Nxc5 17.dxc5 Bxe5 18.fxe5 Nd7 19.Bc3 Rc8 20.b4 Nb8 21.Bd4 Nc6 22.Bc3 Nb8
23.Bd4 Nc6 24.Bc3  1/2-1/2

[Event "15th Heraklion Open"]
[Site "Athens GRE"]
[Date "2012.06.10"]
[Round "2.6"]
[White "Paouris,N"]
[Black "Kostouros,A"]
[Result "1/2-1/2"]
[WhiteElo "1980"]
[BlackElo "2174"]

1.c4 c6 2.g3 d5 3.Nf3 dxc4 4.Bg2 b5 5.O-O Bb7 6.b3 cxb3 7.Qxb3 Nf6 8.Ba3 e6
9.Bxf8 Kxf8 10.Nc3 Nbd7 11.a4 a6 12.d4 Nb6 13.Ne5 Nbd5 14.Bxd5 Nxd5 15.Nxd5 Qxd5
16.Qxd5 exd5 17.Rfc1 Rc8 18.axb5 cxb5 19.Rxc8+ Bxc8 20.Rc1 Be6 21.Rc6 Ke7
22.Rxa6 Rc8 23.Rb6 Rc1+ 24.Kg2 Rb1 25.Kf3 g5 26.Ke3 Rh1 27.Rxb5 Rxh2 28.Nf3 Rh5
29.Rb7+ Kf6 30.Ne5 Rh1 31.g4 Ra1 32.f3 Ra8 33.Nd7+ Kg6 34.Nc5 Re8 35.Rb6 h5
36.gxh5+ Kxh5 37.Kf2 g4 38.Kg3 gxf3 39.exf3 Kg5 40.Nd3 Kf5 41.Rd6 Rb8 42.Kf2 Rb3
43.Ke3 Kg5 44.Kd2 Bf5 45.Nc5 Rxf3 46.Rxd5 Kf4 47.Re5 Ra3 48.Re7 Bg6 49.Re5 Kg3
50.Re3+ Rxe3 51.Kxe3 f5 52.Ne6 Bf7 53.Nf4  1/2-1/2

[Event "TCh-FRA Top 12 2012"]
[Site "Belfort FRA"]
[Date "2012.06.10"]
[Round "11.1"]
[White "Schlosser,P"]
[Black "Van Wely,L"]
[Result "0-1"]
[WhiteElo "2596"]
[BlackElo "2682"]

1.c4 c6 2.Nf3 d5 3.e3 Nf6 4.Nc3 e6 5.b3 Nbd7 6.Qc2 Bd6 7.Bb2 O-O 8.Be2 b6
9.O-O Bb7 10.d4 Rc8 11.e4 Nxe4 12.Nxe4 dxe4 13.Qxe4 Nf6 14.Qh4 c5 15.Rad1 Ne4
16.Qxd8 Rfxd8 17.Nd2 Nxd2 18.Rxd2 Be5 19.Rfd1 Bf4 20.Rc2 Be4 21.Bd3 Bxd3
22.Rxd3 Rd7 23.g3 Be5 24.d5 Bxb2 25.Rxb2 exd5 26.cxd5 Kf8 27.Rbd2 Re8 28.Kg2 Ke7
29.Re3+ Kd8 30.Kf3 Rde7 31.h4 Kd7 32.Kf4 Kd6 33.g4 b5 34.g5 Re5 35.h5 g6
36.h6 Rf5+ 37.Kg4 Ree5 38.Rxe5 Rxe5 39.f4 Rxd5 40.Rc2 Rd3 41.Re2 c4 42.bxc4 bxc4
43.Re8 Rd5 44.Kf3 c3 45.Rd8+ Kc5 46.Rc8+ Kd4 47.Rc7 Kd3 48.Rxf7 c2 49.Rc7 Kd2
50.Ke4 Rd8  0-1

[Event "1st Grand Europe Open"]
[Site "Golden Sands BUL"]
[Date "2012.06.10"]
[Round "7.74"]
[White "Spiridonov,Niko1"]
[Black "Asparuhov,P"]
[Result "0-1"]
[WhiteElo "2240"]
[BlackElo "2077"]

1.c4 c6 2.Nf3 d5 3.b3 Bf5 4.g3 Nf6 5.Bb2 e6 6.Bg2 h6 7.O-O Be7 8.d3 O-O 9.Nbd2 Bh7
10.Rc1 Nbd7 11.Rc2 a5 12.a3 Ne8 13.Qa1 Bf6 14.Ne5 Nxe5 15.Bxe5 Bxe5 16.Qxe5 Qf6
17.Nf3 Qxe5 18.Nxe5 Nd6 19.Rc3 Rfd8 20.a4 d4 21.Rc2 c5 22.Nf3 f6 23.Nd2 Rd7
24.Nb1 Kf8 25.Na3 Rad8 26.Nb5 Nc8 27.f4 Ne7 28.Rd2 Nf5 29.Be4 Kg8 30.Bxf5 Bxf5
31.Kg2 h5 32.Na3 Kf7 33.h3 Re8 34.Nc2 e5 35.fxe5 Rxe5 36.Ne1 Rde7 37.Rf2 Bd7
38.Nf3 Bc6 39.g4 hxg4 40.hxg4 Re3 41.Kf1 g6 42.g5 f5 43.Kg2 Re8 44.Kg3 Rh8
45.Kf4 Rh1 46.Rh2 Rf1  0-1

[Event "OKU Open GpA 2012"]
[Site "Utrecht NED"]
[Date "2012.06.10"]
[Round "6.11"]
[White "Muis,G"]
[Black "Sparreboom,W"]
[Result "1-0"]
[WhiteElo "2124"]
[BlackElo "1964"]

1.c4 c6 2.e4 e6 3.Nc3 d5 4.cxd5 exd5 5.d4 dxe4 6.Bc4 Nf6 7.Bg5 Be7 8.Nge2 b5
9.Bb3 Bf5 10.O-O O-O 11.Ng3 Bg4 12.Qd2 b4 13.Ncxe4 Nxe4 14.Nxe4 Bxg5 15.Nxg5 Bh5
16.Rac1 a5 17.f4 h6 18.Ne4 Kh8 19.f5 Ra7 20.Ng3 Qh4 21.Rf4 Qg5 22.f6 Bg6
23.Rc5  1-0

[Event "1st Grand Europe Open"]
[Site "Golden Sands BUL"]
[Date "2012.06.11"]
[Round "8.24"]
[White "Berescu,A"]
[Black "Erturan,Y"]
[Result "1-0"]
[WhiteElo "2516"]
[BlackElo "2370"]

1.c4 c6 2.g3 d5 3.Nf3 Nf6 4.Bg2 g6 5.b3 Bg7 6.Bb2 O-O 7.O-O Bg4 8.d3 Bxf3
9.Bxf3 e6 10.Nc3 Nbd7 11.cxd5 Nxd5 12.Qc2 Nxc3 13.Bxc3 Bxc3 14.Qxc3 Nb6 15.Rac1 Nd5
16.Qd2 Qf6 17.Rc4 Rfd8 18.Rfc1 Nb6 19.Rf4 Qe5 20.h4 h6 21.Re4 Qg7 22.Rc5 Rd5
23.Ra5 Rxa5 24.Qxa5 Nd5 25.Rc4 Qa1+ 26.Kg2 Qe5 27.Qc5 Qf6 28.b4 a6 29.e4 Nc7
30.Qb6 Nb5 31.d4 Qe7 32.d5 cxd5 33.exd5 e5 34.h5 Nd6 35.Rc7 Qf6 36.Rd7 e4
37.Be2 e3 38.Qxe3 Nf5 39.Qf4 Rc8 40.Bd3  1-0

[Event "1st Grand Europe Open"]
[Site "Golden Sands BUL"]
[Date "2012.06.11"]
[Round "8.28"]
[White "Manea,Al"]
[Black "Solozhenkin,E"]
[Result "1/2-1/2"]
[WhiteElo "2375"]
[BlackElo "2472"]

1.c4 c6 2.Nc3 d5 3.d4 Nf6 4.e3 a6 5.a4 g6 6.Nf3 Bg7 7.h3 O-O 8.Bd3 c5 9.O-O cxd4
10.exd4 Nc6 11.Be3 b6 12.Rc1 Bb7 13.Nxd5 Nxd5 14.cxd5 Nb4 15.Bc4 Bxd5 16.Qb3 b5
17.Bxd5 Nxd5 18.axb5 Rb8 19.Rc5 Nxe3 20.fxe3 Qd7  1/2-1/2

[Event "FSIMA June 2012"]
[Site "Budapest HUN"]
[Date "2012.06.12"]
[Round "10.3"]
[White "To,N"]
[Black "Wang Xinyue"]
[Result "1-0"]
[WhiteElo "2298"]
[BlackElo "2041"]

1.c4 c6 2.Nf3 d5 3.e3 Nf6 4.Nc3 e6 5.b3 Nbd7 6.Bb2 e5 7.cxd5 cxd5 8.Rc1 a6
9.d4 e4 10.Nd2 Bd6 11.f4 exf3 12.Qxf3 Qe7 13.Bd3 O-O 14.O-O Nb6 15.h3 Bd7
16.e4 Bb4 17.e5 Ne8 18.Qh5 g6 19.Qh6 f6 20.Nf3 Ng7 21.exf6 Rxf6 22.Rce1 Ne6
23.Ne5 Raf8 24.Rxf6 Rxf6 25.a3 Bxc3 26.Bxc3 Qxa3 27.Ng4 Rf7 28.Qd2 Qd6 29.Nh6+ Kg7
30.Nxf7 Kxf7 31.Bb4 Qg3 32.Qh6 Kg8 33.Rxe6  1-0

[Event "1st Grand Europe Open"]
[Site "Golden Sands BUL"]
[Date "2012.06.12"]
[Round "9.2"]
[White "Tikkanen,H"]
[Black "Ipatov,Alexander"]
[Result "1/2-1/2"]
[WhiteElo "2566"]
[BlackElo "2561"]

1.c4 c6 2.Nf3 d5 3.e3 Nf6 4.Nc3 g6 5.d4 Bg7 6.Be2 O-O 7.O-O e6 8.Qc2 Nbd7
9.Rd1 Re8 10.Nd2 Qe7  1/2-1/2

[Event "26th Pula Open"]
[Site "Pula CRO"]
[Date "2012.06.12"]
[Round "4.12"]
[White "Bedouin,X"]
[Black "Uwira,O"]
[Result "1/2-1/2"]
[WhiteElo "2402"]
[BlackElo "2248"]

1.c4 c6 2.d4 d5 3.Nf3 Nf6 4.e3 Bg4 5.h3 Bh5 6.Nc3 e6 7.Qb3 Qb6 8.Nh4 Be7
9.g4 Nfd7 10.Nf5 exf5 11.gxh5 dxc4 12.Qc2 g6 13.Bxc4 Nf6 14.h6 Nbd7 15.Bd2 Bf8
16.O-O-O Bxh6 17.h4 O-O-O 18.Bxf7 Rhf8 19.Bb3 Qc7 20.Na4 Ng4 21.Rdf1 Nh2
22.Rd1 Ng4 23.Rdf1 Nh2 24.Rd1 Ng4  1/2-1/2

[Event "26th Pula Open"]
[Site "Pula CRO"]
[Date "2012.06.12"]
[Round "5.15"]
[White "Cebalo,M"]
[Black "Dudas,E"]
[Result "0-1"]
[WhiteElo "2437"]
[BlackElo "2215"]

1.c4 c6 2.g3 d5 3.Nf3 Nf6 4.Bg2 dxc4 5.O-O Nbd7 6.Qc2 Nb6 7.a4 a5 8.Na3 Qd5
9.Ne1 Qf5 10.e4 Qh5 11.Nxc4 Nxc4 12.Qxc4 e5 13.d4 exd4 14.e5 Nd7 15.Nd3 Be7
16.Qxd4 O-O 17.Re1 Bg5 18.h4 Bxc1 19.Raxc1 Qh6 20.f4 Re8 21.f5 Nf8 22.Qf2 g6
23.e6 gxf5 24.exf7+ Kxf7 25.Rxe8 Kxe8 26.Re1+ Kf7 27.Qc5 Qf6 28.Nf4 Ne6 29.Nxe6 Bxe6
30.Qb6 Re8 31.Qxb7+ Re7 32.Qxc6 Qxb2 33.Rf1 Qd4+ 34.Kh2 Qe5 35.Rf4 Rc7 36.Qf3 Rc3
37.Qh5+ Kg7 38.Rg4+ Kf8 39.Qh6+ Ke8 40.Rg7 Rc2 41.Qg5 Rxg2+ 42.Kxg2 Qe2+
43.Kh3 Qf1+ 44.Kh2 Qf2+  0-1